El punto muerto

Đã lưu trong:
Chi tiết về thư mục
Tác giả chính: Castro Fernández, Alfredo
Định dạng: Sách
Ngôn ngữ:Undetermined
Được phát hành: San José, Costa Rica Trejos Hnos 1938
Những chủ đề:
Các nhãn: Thêm thẻ
Không có thẻ, Là người đầu tiên thẻ bản ghi này!

MARC

LEADER 00000nam a2200000Ia 4500
008 170316s9999 xx 000 0 und d
040 |a cru BVZT 
090 |a 868 C-10p 
100 |a Castro Fernández, Alfredo  |9 525 
245 |a El punto muerto  |c / Alfredo Castro Fernández 
260 |a San José, Costa Rica  |b Trejos Hnos  |c 1938 
300 |a 161 páginas 
650 |a LITERATURA COSTARRICENSE  |9 17 
999 |c 10784  |d 10784 
942 |c 15 D  |h 868 C-10p  |2 z